| 000 | 00573nam a22001817a 4500 | ||
|---|---|---|---|
| 008 | 150421b xxu||||| |||| 00| 0 eng d | ||
| 020 | _a0060118245 | ||
| 050 | _aQC6.H34613 1974 | ||
| 100 |
_aHeisenberg, Werner _917399 |
||
| 245 |
_aAcross the frontiers _c/by Werner Heisenberg |
||
| 260 |
_aNew York _bHarper and Row _c1974 |
||
| 300 |
_axix,229p. ; _c22cm. |
||
| 440 |
_aWorld perspectives _nvol. 48 _917400 |
||
| 650 |
_aPhysics _xPhilosophy _917401 |
||
| 650 |
_aScience _xPhilosophy _917402 |
||
| 700 |
_aHeath, Peter (trans.) _917403 |
||
| 942 |
_2lcc _cMONOGRAPH |
||
| 999 |
_c122727 _d122727 |
||